LEADER 01259nam0-22003491i-450- 001 990004764950403321 005 20140404162407.0 035 $a000476495 035 $aFED01000476495 035 $a(Aleph)000476495FED01 035 $a000476495 100 $a19990604d1944----km-y0itay50------ba 101 0 $alat 102 $aHU 105 $ay-------001yy 200 1 $aExpeditionis Solymani in Moldaviam et Transsylvaniam libri duo$aDe situ Transsylvaniae, Moldaviae et Transalbinae liber tertius$fAntonius Wrancius Sibenicensis Dalmata$gedidit Colamannus Eperjessy 210 $aBudapest$cK.M. Egyetemi Nyomda$d1944 215 $aXX, 82 p.$d25 cm 225 1 $aBibliotheca scriptorum medii recentisque aevorum$iSaeculum XVI 610 0 $aRomania$aStoria 610 0 $aTurchia$aStoria 676 $a878.04 700 1$aVerancsics,$bAntal$f<1504-1573>$0190361 702 1$aEperjessy,$bColomannus 801 0$aIT$bUNINA$gRICA$2UNIMARC 901 $aBK 912 $a990004764950403321 952 $aP2B-650-BSMRA-8 (h)$bBibl. 29417$fFLFBC 959 $aFLFBC 996 $aExpeditionis Solymani in Moldaviam et Transsylvaniam libri duo$9560599 996 $aDe situ Transsylvaniae, Moldaviae et Transalbinae liber tertius$9560600 997 $aUNINA LEADER 00970cam0-2200349---450- 001 990004123870403321 005 20111128144851.0 035 $a000412387 035 $aFED01000412387 035 $a(Aleph)000412387FED01 035 $a000412387 100 $a19990604d1969----km-y0itay50------ba 101 1 $aita 102 $aIT 105 $ay-------001yy 200 1 $aCreatività e conformismo$fClark Moustakas 210 $aRoma$cUbaldini$dc1969 215 $a152 p.$d18 cm 225 1 $a<>libri dell'introspezione$ecollana di saggistica psicologica 610 0 $aCreatività 610 0 $aConformismo 676 $a153.35 700 1$aMoustakas,$bClark E.$0160189 801 0$aIT$bUNINA$gRICA$2UNIMARC 901 $aBK 912 $a990004123870403321 952 $aP.1 PS 96 BIS$bIST.FIL.T. 3103$fNAP03 952 $aP.1 PS 96$bI.P.1072$fFLFBC 959 $aFLFBC 959 $aNAP03 996 $aCreatività e conformismo$9476575 997 $aUNINA